Nghiên cứu quá trình tổng hợp phức Kali Hexathyocyanate Chrome (III)

Đã lưu trong:
書目詳細資料
其他作者: Ngô Thị Mỹ Bình (hướng dẫn), thực hiện Nguyễn Hữu Chân, thực hiện Phạm Hoàng Phương Thúy, thực hiện Võ Thị Thùy Trang, thực hiện Trần Thị Nhật Trinh, thực hiện Nguyễn Thị Thanh Trung
格式: 圖書
語言:Vietnamese
出版: Đà Nẵng Trường Đại học Sư phạm 2012
主題:
標簽: 添加標簽
沒有標簽, 成為第一個標記此記錄!
Thư viện lưu trữ: Mạng thư viện Đại học Đà Nẵng
LEADER 01803nam a2200385 4500
001 000017372
003 13789
005 20130404080424.0
008 130404s2012 viesd
041 |a vie 
082 1 4 |a 546.38  |b Ngh 
245 1 0 |a Nghiên cứu quá trình tổng hợp phức Kali Hexathyocyanate Chrome (III)  |c Thực hiện : Nguyễn Hữu Chân ; Phạm Hoàng Phương Thúy ; Võ Thị Thùy Trang ; Trần Thị Nhật Trinh ; Nguyễn Thị Thanh Trung ; Hướng dẫn Ngô Thị Mỹ Bình  |k Báo cáo khoa học 
260 |a Đà Nẵng  |b Trường Đại học Sư phạm  |c 2012 
300 |a 16 tr.  |b ảnh m.họa  |c 30 cm. 
500 |a Công trình tham gia hội nghị sinh viên nghiên cứu khoa học Trường Đại học Sư phạm năm 2012. Khoa Hóa học 
650 0 4 |a Phức chất  |v Báo cáo khoa học  |x phức Kali Hexathyocyanate Chrome (III)  |z Đà Nẵng 
653 |a Nghiên cứu khoa học 
653 |a Phức chất 
700 1 |a Ngô Thị Mỹ Bình  |e hướng dẫn 
700 1 |c thực hiện  |c Nguyễn Hữu Chân 
700 1 |c thực hiện  |c Phạm Hoàng Phương Thúy 
700 1 |c thực hiện  |c Võ Thị Thùy Trang 
700 1 |c thực hiện  |c Trần Thị Nhật Trinh 
700 1 |c thực hiện  |c Nguyễn Thị Thanh Trung 
OWN |a LSP 
AVA |a UDN50  |b LSP  |d 546.38 Ngh  |e available  |t Error 5001 Not defined in file expand_doc_bib_avail.  |f 1  |g 0  |h N  |i 0  |k 1 
999 |a From the UDN01 
AVA |a UDN50  |b LSP  |d 546.38 Ngh  |e available  |t Error 5001 Not defined in file expand_doc_bib_avail.  |f 1  |g 0  |h N  |i 0  |k 1 
TYP |a Mixed Materials 
TYP |a Monograph 
TYP |a Printed language 
980 |a Mạng thư viện Đại học Đà Nẵng